Egy negyedszázados per a két csôdtörvény határán

Elmentve itt :
Bibliográfiai részletek
Szerző: Pétervári Máté
Dokumentumtípus: Cikk
Megjelent: 2021
Sorozat:JOGTÖRTÉNETI SZEMLE 19 No. 4
Tárgyszavak:
mtmt:32598413
Online Access:http://publicatio.bibl.u-szeged.hu/23499
LEADER 00674nab a2200193 i 4500
001 publ23499
005 20220207145515.0
008 220207s2021 hu o 0|| Magyar d
022 |a 0237-7284 
024 7 |a 32598413  |2 mtmt 
040 |a SZTE Publicatio Repozitórium  |b hun 
041 |a Magyar 
100 1 |a Pétervári Máté 
245 1 0 |a Egy negyedszázados per a két csôdtörvény határán  |h [elektronikus dokumentum] /  |c  Pétervári Máté 
260 |c 2021 
300 |a 21-29 
490 0 |a JOGTÖRTÉNETI SZEMLE  |v 19 No. 4 
650 4 |a Jogtudomány 
856 4 0 |u http://publicatio.bibl.u-szeged.hu/23499/1/Egynegyedszazadosperaketcsodtorvenyhataran-P.M..pdf  |z Dokumentum-elérés